Cizvitler ve Katolik Kilisesi'ndeki yeri / (رقم التسجيلة. 134494)

تفاصيل مارك
000 -LEADER
fixed length control field 00971cam a2200301u 4500
008 - FIXED-LENGTH DATA ELEMENTS--GENERAL INFORMATION
fixed length control field 140817s2002 tu 000 0 tur
020 ## - INTERNATIONAL STANDARD BOOK NUMBER
International Standard Book Number 9756769505
020 ## - INTERNATIONAL STANDARD BOOK NUMBER
International Standard Book Number 9789756769508
040 ## - CATALOGING SOURCE
Original cataloging agency EG-GiCUC
Language of cataloging tur
Transcribing agency EG-GiCUC
050 00 - LIBRARY OF CONGRESS CALL NUMBER
Classification number BX3731
Item number .A6 2002
092 04 - LOCALLY ASSIGNED DEWEY CALL NUMBER (OCLC)
Classification number 279.15
Item number V134
Edition number 21
099 ## - LOCAL FREE-TEXT CALL NUMBER (OCLC)
Classification number 04
-- 279.15 V134
100 1# - MAIN ENTRY--PERSONAL NAME
Personal name Gun̈gor̈, Ali Iṡra.
245 10 - TITLE STATEMENT
Title Cizvitler ve Katolik Kilisesi'ndeki yeri /
Statement of responsibility, etc. Ali Iṡra Gun̈gor̈.
260 ## - PUBLICATION, DISTRIBUTION, ETC.
Place of publication, distribution, etc. Ankara:
Name of publisher, distributor, etc. ASAM,
Date of publication, distribution, etc. 2002.
300 ## - PHYSICAL DESCRIPTION
Extent xvi, 252 p.;
Dimensions 21 cm.
490 1# - SERIES STATEMENT
Series statement Avrasya-Bir Vakfı ASAM Yayınları,
Volume/sequential designation 3., 39.
490 1# - SERIES STATEMENT
Series statement Avrupa arasţırmaları dizisi
504 ## - BIBLIOGRAPHY, ETC. NOTE
Bibliography, etc. note Includes bibliographical references (243-252) and index.
610 20 - SUBJECT ADDED ENTRY--CORPORATE NAME
Corporate name or jurisdiction name as entry element Jesuits
General subdivision History.
610 20 - SUBJECT ADDED ENTRY--CORPORATE NAME
Corporate name or jurisdiction name as entry element Jesuits
General subdivision Missions
-- History.
650 #0 - SUBJECT ADDED ENTRY--TOPICAL TERM
Topical term or geographic name entry element Catholic Church
General subdivision History.
902 ## - LOCAL DATA ELEMENT B, LDB (RLIN)
No. of Items 1
905 ## - LOCAL DATA ELEMENT E, LDE (RLIN)
Cataloger Eman
Reviser Rev.
905 ## - LOCAL DATA ELEMENT E, LDE (RLIN)
Cataloger Jamal
Reviser Cat.
942 ## - ADDED ENTRY ELEMENTS (KOHA)
Source of classification or shelving scheme Dewey Decimal Classification
Koha item type Books
المقتنيات
Source of classification or shelving scheme Not for loan Home library Current library Date acquired Full call number Barcode Date last seen Copy number Koha item type
Dewey Decimal Classification   المكتبة المركزبة الجديدة - جامعة القاهرة قاعة الثقاقات الاجنبية - الدور الثالث 11.02.2024 279.15 V134 L.C 01000110198609000 05.07.2024 C.1 Books
Cairo University Libraries Portal Implemented & Customized by: Eng. M. Mohamady Contacts: new-lib@cl.cu.edu.eg | cnul@cl.cu.edu.eg
CUCL logo CNUL logo
© All rights reserved — Cairo University Libraries
CUCL logo
Implemented & Customized by: Eng. M. Mohamady Contact: new-lib@cl.cu.edu.eg © All rights reserved — New Central Library
CNUL logo
Implemented & Customized by: Eng. M. Mohamady Contact: cnul@cl.cu.edu.eg © All rights reserved — Cairo National University Library